000 00591nam a2200193Ia 4500
005 20250508151213.0
008 008 250505s9999 xx 000 0 eng d
037 _aTextual
040 _aFEDL
_beng
_cFEDL
041 _aeng
_2eng
084 _a370.7, NAI
_qFEDL
100 _aNaik J.P.
_9758642
245 0 _aStudies in education and psychology : The Training of educational administrators
245 0 _cMinistry of Education Government of India Bureau of Education
300 _a68p.
650 _aEducation
942 _cTEXL
_h370.7, NAI
999 _c1328208
_d1328208